100 Biggest Cities in Mississippi on a Map - Statistics

General Stats
  • This quiz has been taken 101 times
  • The average score is 35 of 100
Answers on the Map
Answers color-coded by a green-red scale on the quiz's map according to % correct below.
 
Answer Stats
Population City % Correct
49,449 Biloxi
98%
72,926 Gulfport
96%
153,701 Jackson
96%
21,573 Vicksburg
94%
48,730 Hattiesburg
85%
54,648 Southaven
81%
35,052 Meridian
79%
25,416 Oxford
79%
37,923 Tupelo
77%
14,520 Natchez
74%
22,010 Pascagoula
72%
24,360 Starkville
72%
29,670 Greenville
68%
27,747 Madison
68%
39,711 Olive Branch
64%
10,316 Yazoo City
55%
9,284 Bay St. Louis
53%
24,084 Columbus
51%
17,161 Laurel
51%
27,115 Pearl
51%
28,100 Clinton
49%
11,885 Picayune
47%
25,138 Brandon
45%
12,700 Grenada
45%
12,413 McComb
45%
18,429 Ocean Springs
45%
24,340 Ridgeland
45%
11,199 Cleveland
43%
14,490 Greenwood
43%
7,118 Philadelphia
43%
17,138 Hernando
40%
26,736 Horn Lake
40%
14,622 Corinth
38%
12,721 D'Iberville
38%
5,686 Pass Christian
38%
11,674 Brookhaven
36%
5,864 Columbia
36%
12,147 Moss Point
36%
14,903 Clarksdale
34%
9,529 Diamondhead
34%
19,024 Gautier
34%
16,780 Long Beach
34%
2,869 Lucedale
34%
6,968 Holly Springs
32%
7,114 Kosciusko
30%
7,626 New Albany
30%
11,010 Petal
30%
4,567 Waynesboro
30%
10,202 Flowood
28%
9,646 Indianola
28%
3,139 Iuka
28%
6,072 Louisville
28%
10,105 West Point
28%
7,523 Batesville
26%
10,948 Canton
26%
4,572 Florence
26%
5,430 Forest
26%
4,272 Wiggins
26%
6,666 Amory
23%
2,833 Poplarville
23%
8,354 Senatobia
23%
7,210 Waveland
23%
9,126 Booneville
21%
4,901 Carthage
21%
2,582 Macon
21%
3,195 Newton
21%
5,640 Pontotoc
21%
7,137 Richland
21%
5,592 Vancleave
21%
12,666 Byram
19%
4,542 Fulton
19%
8,526 Gulf Hills
19%
3,797 Houston
19%
4,968 Mississippi State
19%
5,462 Ripley
19%
4,696 University
19%
4,961 Aberdeen
17%
4,862 Crystal Springs
17%
4,652 Ellisville
17%
3,988 Leland
17%
6,006 West Hattiesburg
17%
4,505 Winona
17%
3,619 Hazlehurst
15%
3,988 Magee
15%
4,922 Saltillo
15%
7,811 St. Martin
15%
3,071 Baldwyn
13%
3,254 Escatawpa
13%
3,208 Gluckstadt
13%
5,972 Gulf Park Estates
13%
6,720 Latimer
13%
3,775 Leakesville
13%
3,711 Morton
13%
2,833 Nicholson
11%
2,792 Verona
11%
3,380 Water Valley
11%
3,161 New Hope
9%
3,822 Pearl River
9%
2,642 Ruleville
9%
3,469 Beechwood
6%
No matching quizzes found
Score Distribution
Percent of People with Each Score
Percentile by Number Answered
Your Score History
You have not taken this quiz